000 00252nam a2200097Ia 4500
001 1228713
005 20250827093047.0
008 250824s9999 xx 000 0 und d
245 0 _aGOLLUN UYUYAN DEVİ
_cTONY ABBOTT
260 _bALTIN KİTAPLAR YAYINLARI
999 _c1228713
_d1228713